000
00289nam a2200121Ia 4500
008
140130s9999 xx 000 0 und d
245
_c
Roop, Peter
_a
If you live with the cherokee
260
_b
Scholastic,
440
_v
1
521
_a
Grade 4 - Grade 7
942
_c
BK
999
_c
41156
_d
41156